| 000 | 00471nam a22001697a 4500 | ||
|---|---|---|---|
| 003 | NUST - PNEC | ||
| 005 | 20170116181134.0 | ||
| 008 | 151007b xxu||||| |||| 00| 0 eng d | ||
| 020 | _a0070435553 | ||
| 040 | _cLIBRARY | ||
| 082 | _a658.568 GRA | ||
| 100 |
_914173 _a Grant, Eugene Lodewick |
||
| 245 |
_aStatistical quality control _c Eugene Lodewick,Grant |
||
| 250 | _a7th ed | ||
| 650 |
_914174 _aQuality control--Statistical methods _xGeneral |
||
| 942 |
_2ddc _cBK |
||
| 999 |
_c70147 _d70147 |
||